000 00598nam a22001697a 4500
999 _c12058
_d12058
008 190115b ||||| |||| 00| 0 eng d
020 _a971-542-291-8
082 _22001
_aDFil 899.211
_bP53
245 _aThe Story of Bugan and Kinggauan:
_bor the marriage of a goddess with a man (Ifugao) /
_cDamiana L. Eugenio (Compiler and Editor)
260 _aQuezon City:
_bUP Press,
_c2001
300 _aPages 35-40;
_c23 cm.
500 _aPhilippine Folk Literature
650 _aMythology
_934177
650 _aLegends
_934178
650 _aPhilippine folk literature (English)
_934179
942 _2ddc
_cDFIL